000
00294nam a22001337a 4500
008
171027b xxu||||| |||| 00| 0 eng d
020
_a
9780132434799
041
_a
eng
080
_a
336
100
_a
55
101
_a
MEN
245
_a
ENTREPRENEURIL FINANCE
_c
ADELMAN, P.J
942
_2
udc
_c
BK
999
_c
36011
_d
36011